000
00249nam a2200097Ia 4500
001
808781
005
20250826171256.0
008
250824s9999 xx 000 0 und d
245
0
_a
TRENDEKİ CESET
_c
SİR ARTHUR CONAN DOYLE
260
_b
TİMAŞ YAYINLARI
999
_c
808781
_d
808781